دور الإستثمارات العربية المباشرة في النشاط الإقتصاى المصرى /
محفوظ في:
| المؤلف الرئيسي: | |
|---|---|
| مؤلفون آخرون: | |
| التنسيق: | أطروحة |
| اللغة: | Arabic |
| منشور في: |
al-Qahirah :
Jami'at 'Ayn Shams,
2000
|
| الموضوعات: | |
| الوسوم: |
إضافة وسم
لا توجد وسوم, كن أول من يضع وسما على هذه التسجيلة!
|
| LEADER | 012210000a22002650004500 | ||
|---|---|---|---|
| 008 | 120522s2000 ua f m 000 0 ara d | ||
| 040 | |a UIAM |b eng | ||
| 041 | |a ara | ||
| 050 | 0 | 0 | |a HG5836.A3 |
| 100 | 1 | |a صالح، إيناس رفعت | |
| 242 | 1 | 0 | |a Dawr al-istithmarat al-'Arabiyah al-mubasharah fi al-nashat al-iqtisadi al-Misri |
| 245 | 1 | 0 | |a دور الإستثمارات العربية المباشرة في النشاط الإقتصاى المصرى / |c إعداد إيناس رفعت صالح |
| 260 | |a al-Qahirah : |b Jami'at 'Ayn Shams, |c 2000 | ||
| 300 | |a xiii, 252 p. ; |c 30 cm. | ||
| 500 | |a "رسالة لحصول على درجة الماجستير فى الإقتصاد" --On t.p. | ||
| 500 | |a Abstract in English and Arabic. | ||
| 502 | |a Thesis (M.A.)--Jami'at 'Ayn Shams, 2000. | ||
| 504 | |a Includes bibliographical references (leaves 245 - 252). | ||
| 596 | |a 1 | ||
| 650 | 0 | |a Investments, Foreign |z Egypt | |
| 655 | |a Theses, Facsimile edition (Islamic) | ||
| 700 | |a Salih, Inas Rafa'at | ||
| 900 | |a arf-ls | ||
| 999 | |c 432445 |d 465771 | ||
| 952 | |0 0 |6 TI HG 005836 A3 S165D 2000 |7 0 |8 THESES |9 752690 |a IIUM |b IIUM |c MULTIMEDIA |g 337.50 |o ti HG 5836 A3 S165D 2000 |p 00011147577 |r 2017-10-23 |t 1 |v 337.50 |y THESIS | ||
